Úvod do studia materiálů

Saved in:
Bibliographic Details
Main Authors Kratochvíl, Bohumil, 1949- (Author), Vojtěch, Dalibor, 1971- (Author), Švorčík, Václav, 1957- (Author)
Corporate Author Vysoká škola chemicko-technologická v Praze
Format Book
LanguageCzech
Published Praha : Vysoká škola chemicko-technologická, 2005
EditionVyd. 1.
Subjects
Online AccessFull text
ISBN80-7080-568-4
978-80-7080-568-8
Physical Description190 s. : il. ; 28 cm

Cover

LEADER 00000cam a22000007a 4500
001 27146
003 CZ-ZlUTB
005 20260525162231.0
008 060531s2005 xr a e p 000 0 cze d
020 |a 80-7080-568-4  |q (brož.) 
020 |a 978-80-7080-568-8  |q (dotisk ;  |q brož.) 
040 |a BOA001  |b cze  |c BOA001  |d ZLD002 
072 7 |a 37.016  |x Učební osnovy. Vyučovací předměty. Učebnice  |2 Konspekt  |9 22 
072 7 |a 620.1/.2  |x Nauka o materiálu  |2 Konspekt  |9 19 
080 |a 620.2  |2 MRF 
080 |a (075.8)  |2 MRF 
100 1 |a Kratochvíl, Bohumil,  |d 1949-  |7 jo2001100055  |4 aut 
245 1 0 |a Úvod do studia materiálů /  |c Bohumil Kratochvíl, Václav Švorčík, Dalibor Vojtěch 
250 |a Vyd. 1. 
260 |a Praha :  |b Vysoká škola chemicko-technologická,  |c 2005 
300 |a 190 s. :  |b il. ;  |c 28 cm 
500 |a 500 výt 
500 |a Dotisk 2014 
504 |a Obsahuje bibliografie 
650 0 7 |a materiálové inženýrství  |7 ph115241  |2 czenas 
650 0 7 |a materiály  |7 ph115242  |2 czenas 
650 0 9 |a materials engineering  |2 eczenas 
650 0 9 |a materials  |2 eczenas 
655 7 |a vysokoškolská skripta  |7 fd190824  |2 czenas 
655 7 |a učebnice vysokých škol  |7 fd133772  |2 czenas 
655 9 |a college textbooks  |2 eczenas 
655 9 |a textbooks (higher)  |2 eczenas 
700 1 |a Vojtěch, Dalibor,  |d 1971-  |7 ola2005262963  |4 aut 
700 1 |a Švorčík, Václav,  |d 1957-  |7 xx0036707  |4 aut 
710 2 |a Vysoká škola chemicko-technologická v Praze 
856 4 1 |u http://vydavatelstvi.vscht.cz/knihy/uid_isbn-80-7080-568-4/pages-img/ 
910 |a ZLD002 
942 |2 udc 
952 |0 0  |1 0  |4 0  |6 S6202KRATOCHVÍLB  |7 0  |8 BOOK  |9 54955  |a UTBZL  |b UTBZL  |c 015  |d 2006-07-29  |l 0  |o S620.2/KRATOCHVÍL,B.  |p 420010100726  |q 2099-12-31  |r 2019-08-25 00:00:00  |v 158.00  |w 2019-08-25  |x N:nákup | 20100930  |y 08 
952 |0 0  |1 0  |4 0  |5 0  |6 S620KRATOCHVÍLB  |7 -1  |8 BOOK  |9 191290  |a UTBZL  |b UTBZL  |c 037  |d 2026-05-25  |l 0  |o S620/KRATOCHVÍL,B.  |p 420010201889  |r 2026-05-25 15:19:57  |v 173.00  |w 2026-05-25  |x N:nákup  |y 01 
999 |c 27146  |d 27146